Представление документа в формате RUSMARC

ПолеНазваниеЗначение
  Тип записи i
  Библиографический уровень m
001 Контрольный номер RU/IS/BASE/443787720
005 Дата корректировки 20240410121221.9
010 Индекс ISBN __
a ISBN 978-5-9677-1695-9
d Цена 183-41
101 Язык документа 0_
a Язык текста rus
200 Заглавие и сведения об ответственности 1_
a Заглавие Набег. Сила детства. Мильтон и Булька
e Сведения, относящиеся к заглавию [рассказы : аудиокнига]
f Первые сведения об ответственности Л. Н. Толстой ; [читает: Дмитрий Савин, Илья Бобылев]
b Общее обозначение материала Звукозапись
210 Выходные данные __
a Место издания Москва
c Издательство 1С-Паблишинг
c Издательство Дистрибутор
d Дата издания 2012
215 Физическое описание __
a Объем 1 электрон. опт. диск (Audio CD) (01 ч. 40 мин.)
c Иллюстрации/тип воспроизводства mp3, stereo
d Формат 12
225 Серия __
a Серия Русская классика
225 Серия __
a Серия 1С: Аудиокниги
300 Общие примечания __
a Общие примечания MPEG-I Layer-3, 192 Kbps, 16 bit, 44.0 kHz
323 Примечание о главных создателях, исполнителях, участниках __
a Примечание о главных создателях, исполнителях, участниках Савин, Д. (читает)
323 Примечание о главных создателях, исполнителях, участниках __
a Примечание о главных создателях, исполнителях, участниках Бобылев, И. (читает)
327 Примечание о содержании __
a Примечание о содержании Набег
327 Примечание о содержании __
a Примечание о содержании Сила детства
327 Примечание о содержании __
a Примечание о содержании Мильтон и Булька
327 Примечание о содержании __
a Примечание о содержании Булька. Рассказ офицера
327 Примечание о содержании __
a Примечание о содержании Булька и кабан
327 Примечание о содержании __
a Примечание о содержании Мильтон и Булька
327 Примечание о содержании __
a Примечание о содержании Булька и волк
327 Примечание о содержании __
a Примечание о содержании Черепаха
327 Примечание о содержании __
a Примечание о содержании Что случилось с Булькой в Пятигорске
327 Примечание о содержании __
a Примечание о содержании Конец Мильтона и Бульки
330 Аннотация __
a Аннотация Лев Николаевич Толстой - великий русский писатель, достигший небывалой славы и известности в истории литературы. "Творения Шекспира, Бальзака и Толстого - три величайших памятника, воздвигнутые человечеством для человечества", - утверждал французский писатель Андре Моруа, решившийся назвать троих самых великих писателей за всю историю культуры. В рассказе "Набег" представлены события Кавказской войны, очевидцем которых стал автор во время службы в армии. Рассказ "Сила детства" о том, как наивность маленького ребёнка способна успокоить и примирить ожесточённые сердца взрослых людей. "Мильтон и Булька" - цикл рассказов о собаках.
333 Примечание о целевом назначении __
a Примечание о целевом назначении 6+. Для детей старше шести лет
606 Тематические рубрики __
a Основная рубрика Художественная литература
z Хронологическая подрубрика 19 в.
606 Тематические рубрики __
a Основная рубрика Русская литература XIX в.
610 Ключевые слова __
a Ключевые слова рассказы; проза; классика; тема жизни; детские рассказы; тема собак; тема войны; тема детей; тема взаимоотношений; тема детства; Кавказская война; тема войны; классическая литература
686 Индексы других классификаций __
a Классификационный индекс 84(2=411.2)52-4я04; ст84(2Рос=Рус)1-4я0
700 Автор _1
a Фамилия Толстой
b Имя Л. Н.
f Даты 1828-1910
g Полное личное имя Лев Николаевич
4 Код отношения 070
801 Источник записи _0
a Страна RU
b Организация Муниципальное бюджетное учреждение культуры "Централизованная библиотечная система" г. Сургут (Центральная городская библиотека им. А. С. Пушкина)
g Правила каталогизации КиК/Коробейникова
801 Источник записи _1
a Страна RU
b Организация Муниципальное бюджетное учреждение культуры "Централизованная библиотечная система" г. Сургут (Центральная городская библиотека им. А. С. Пушкина)
g Правила каталогизации КиК/Коробейникова
852 Данные о местонахождении __
j Шифр хранения 84(2=411.2)52-4я04
i Авторский знак Т 52
901 Тип документа __
t Тип документа 0
903 Характеристики (МАРС) __
a Дата передачи 20140123
969 Тип издания __
a Тип издания аудиокнига; издание для слепых
990 Данные о заказе (DOS) __
j Количество экземпляров (DOS) 9
t N записи в КСУ для И/У (DOS) 201401